[Event "SRB-chT Men 1st League 2019"]
[Site "Subotica"]
[Date "2019.08.23"]
[Round "2.10"]
[White "Arsovic, Zoran"]
[Black "Vuckovic, Bojan"]
[Result "1/2-1/2"]
[WhiteElo "2370"]
[BlackElo "2581"]
[Annotator "ChessBase"]
[PlyCount "42"]
[EventDate "2019.08.23"]
[EventType "team-tourn"]
[EventCountry "SRB"]
[SourceTitle "playchess.com"]
[Source "ChessBase"]
[SourceQuality "1"]
[TimeControl "40/5400+30:1800+30"]

1. Nf3 {[%emt 0:00:00]} Nf6 {[%emt 0:00:00]} 2. c4 {[%emt 0:00:17]} g6 {[%emt 0:00:01]} 3. Nc3 {[%emt 0:00:32]} d5 {[%emt 0:00:21]} 4. cxd5 {[%emt 0:00:59]} Nxd5 {[%emt 0:00:09]} 5. d3 {[%emt 0:07:44]} Bg7 {[%emt 0:06:12]} 6. Bd2 {[%emt 0:00:49]} O-O {[%emt 0:00:44]} 7. g3 {[%emt 0:00:47]} e5 {[%emt 0:01:33]} 8. Bg2 {[%emt 0:02:12]} Ne7 {[%emt 0:02:34]} 9. Qc1 {[%emt 0:16:23]} Nbc6 {[%emt 0:25:18]} 10. Bh6 {[%emt 0:03:20]} Bg4 {[%emt 0:06:25]} 11. O-O {[%emt 0:15:22]} Qd7 {[%emt 0:03:15]} 12. Bxg7 {[%emt 0:02:59]} Kxg7 {[%emt 0:00:04]} 13. b4 {[%emt 0:00:21]} Rab8 {[%emt 0:09:28]} 14. Qb2 {[%emt 0:07:23]} f6 {[%emt 0:04:13]} 15. Rac1 {[%emt 0:01:31]} b6 {[%emt 0:04:27]} 16. Ne4 {[%emt 0:03:25]} Bxf3 {[%emt 0:16:13]} 17. Bxf3 {[%emt 0:00:49]} a5 {[%emt 0:00:46]} 18. bxa5 {[%emt 0:17:01]} Nxa5 {[%emt 0:00:12]} 19. e3 {[%emt 0:05:18]} c5 {[%emt 0:01:19]} 20. Rfd1 {[%emt 0:00:15]} Nac6 {[%emt 0:01:41]} 21. Bg2 {[%emt 0:01:09]} Rfd8 {[%emt 0:03:07]} 1/2-1/2

[Event "SRB-chT Men 1st League 2019"]
[Site "Subotica"]
[Date "2019.08.23"]
[Round "2.11"]
[White "Roganovic, Milos"]
[Black "Radlovacki, Jovan"]
[Result "0-1"]
[WhiteElo "2505"]
[BlackElo "2265"]
[Annotator "ChessBase"]
[PlyCount "46"]
[EventDate "2019.08.23"]
[EventType "team-tourn"]
[EventCountry "SRB"]
[SourceTitle "playchess.com"]
[Source "ChessBase"]
[SourceQuality "1"]
[TimeControl "40/5400+30:1800+30"]

1. e4 {[%emt 0:00:00]} c6 {[%emt 0:00:00]} 2. d4 {[%emt 0:00:00]} d5 {[%emt 0:00:00]} 3. e5 {[%emt 0:00:51]} Bf5 {[%emt 0:00:00]} 4. Nf3 {[%emt 0:00:33]} e6 {[%emt 0:00:02]} 5. Be2 {[%emt 0:00:09]} Ne7 {[%emt 0:10:07]} 6. O-O {[%emt 0:00:51]} h6 {[%emt 0:00:49]} 7. a4 {[%emt 0:04:03]} g5 {[%emt 0:10:43]} 8. Ne1 {[%emt 0:03:46]} c5 {[%emt 0:00:30]} 9. dxc5 {[%emt 0:13:50]} Nd7 {[%emt 0:03:59]} 10. Nd3 {[%emt 0:00:33]} Nc6 {[%emt 0:00:17]} 11. f4 {[%emt 0:02:09]} Nxc5 {[%emt 0:01:02]} 12. Nd2 {[%emt 0:02:04]} Ne4 {[%emt 0:46:31]} 13. Kh1 {[%emt 0:13:18]} Qc7 {[%emt 0:03:34]} 14. Nxe4 {[%emt 0:02:11]} dxe4 {[%emt 0:00:37]} 15. Nf2 {[%emt 0:00:08]} h5 {[%emt 0:05:19]} 16. c3 {[%emt 0:13:25]} Rd8 {[%emt 0:05:34]} 17. Qe1 {[%emt 0:02:04]} gxf4 {[%emt 0:00:23]} 18. Bxf4 {[%emt 0:01:07]} Bh6 {[%emt 0:01:28]} 19. Bg3 {[%emt 0:02:35]} Bd2 {[%emt 0:00:28]} 20. Qb1 {[%emt 0:01:51]} h4 {[%emt 0:00:13]} 21. Nxe4 {[%emt 0:00:44]} hxg3 {[%emt 0:00:19]} 22. h3 {[%emt 0:01:02]} Qxe5 {[%emt 0:00:11]} 23. Bf3 {[%emt 0:00:12]} Rh4 {[%emt 0:00:21]} 0-1

[Event "SRB-chT Men 1st League 2019"]
[Site "Subotica"]
[Date "2019.08.23"]
[Round "2.12"]
[White "Sredojevic, Ivan"]
[Black "Zajic, Milan"]
[Result "1/2-1/2"]
[WhiteElo "2232"]
[BlackElo "2497"]
[Annotator "ChessBase"]
[PlyCount "116"]
[EventDate "2019.08.23"]
[EventType "team-tourn"]
[EventCountry "SRB"]
[SourceTitle "playchess.com"]
[Source "ChessBase"]
[SourceQuality "1"]
[TimeControl "40/5400+30:1800+30"]

1. c4 {[%emt 0:00:00]} e5 {[%emt 0:00:09]} 2. e3 {[%emt 0:00:11]} Nf6 {[%emt 0:00:56]} 3. Nc3 {[%emt 0:00:06]} Bb4 {[%emt 0:01:20]} 4. Nge2 {[%emt 0:00:08]} O-O {[%emt 0:02:47]} 5. a3 {[%emt 0:00:05]} Bxc3 {[%emt 0:02:49]} 6. Nxc3 {[%emt 0:00:07]} d5 {[%emt 0:03:51]} 7. cxd5 {[%emt 0:00:32]} Nxd5 {[%emt 0:00:03]} 8. Qc2 {[%emt 0:00:44]} Nc6 {[%emt 0:01:39]} 9. Be2 {[%emt 0:07:15]} Re8 {[%emt 0:04:05]} 10. O-O {[%emt 0:06:43]} Nxc3 {[%emt 0:02:36]} 11. Qxc3 {[%emt 0:00:11]} Qg5 {[%emt 0:03:43]} 12. f4 {[%emt 0:14:29]} Qg6 {[%emt 0:03:43]} 13. fxe5 {[%emt 0:13:38]} Nxe5 {[%emt 0:20:50]} 14. b4 {[%emt 0:18:11]} Bf5 {[%emt 0:12:53]} 15. Bb2 {[%emt 0:02:28]} Rad8 {[%emt 0:01:56]} 16. Rf2 {[%emt 0:04:49]} c6 {[%emt 0:09:17]} 17. Raf1 {[%emt 0:06:03]} Be4 {[%emt 0:01:16]} 18. Qc5 {[%emt 0:08:04]} b6 {[%emt 0:08:59]} 19. Qc1 {[%emt 0:01:56]} Nd3 {[%emt 0:02:06]} 20. Bxd3 {[%emt 0:00:06]} Rxd3 {[%emt 0:00:12]} 21. Bd4 {[%emt 0:04:02]} Bd5 {[%emt 0:05:45]} 22. Bc3 {[%emt 0:01:39]} h5 {[%emt 0:01:42]} 23. Qe1 {[%emt 0:02:39]} Be4 {[%emt 0:05:23]} 24. Qe2 {[%emt 0:03:33]} Rd7 {[%emt 0:00:30]} 25. Rc1 {[%emt 0:00:13]} Rd5 {[%emt 0:01:21]} 26. h4 {[%emt 0:02:56]} Bd3 {[%emt 0:00:42]} 27. Qe1 {[%emt 0:00:14]} Be4 {[%emt 0:01:51]} 28. Qe2 {[%emt 0:00:13]} Bd3 {[%emt 0:00:27]} 29. Qe1 {[%emt 0:00:04]} Re4 {[%emt 0:00:16]} 30. Rf4 {[%emt 0:01:21]} Rxf4 {[%emt 0:00:59]} 31. exf4 {[%emt 0:00:04]} Be4 {[%emt 0:00:13]} 32. Qf2 {[%emt 0:00:47]} Rd3 {[%emt 0:00:48]} 33. Kh2 {[%emt 0:00:07]} Qg4 {[%emt 0:00:35]} 34. Re1 {[%emt 0:00:28]} Bxg2 {[%emt 0:00:27]} 35. Re3 {[%emt 0:00:32]} Rxe3 {[%emt 0:00:35]} 36. Qxe3 {[%emt 0:00:03]} Bf3 {[%emt 0:00:36]} 37. Qf2 {[%emt 0:00:04]} Be4 {[%emt 0:00:37]} 38. Qg3 {[%emt 0:02:03]} Qe2+ {[%emt 0:00:09]} 39. Kg1 {[%emt 0:00:05]} f6 {[%emt 0:00:40]} 40. Bxf6 {[%emt 0:00:00]} Qd1+ {[%emt 0:00:00]} 41. Kf2 {[%emt 0:01:17]} Qxd2+ {[%emt 0:00:36]} 42. Kg1 {[%emt 0:00:05]} Qd1+ {[%emt 0:12:04]} 43. Kf2 {[%emt 0:00:06]} Qc2+ {[%emt 0:00:02]} 44. Kg1 {[%emt 0:00:22]} Bg6 {[%emt 0:01:21]} 45. Be5 {[%emt 0:02:03]} Qc1+ {[%emt 0:05:58]} 46. Kf2 {[%emt 0:00:55]} Kh7 {[%emt 0:01:14]} 47. Qc3 {[%emt 0:02:23]} Qh1 {[%emt 0:00:28]} 48. Qg3 {[%emt 0:00:15]} Qe4 {[%emt 0:01:19]} 49. Qc3 {[%emt 0:08:40]} Bf5 {[%emt 0:02:12]} 50. Qf3 {[%emt 0:01:28]} Qxf3+ {[%emt 0:03:43]} 51. Kxf3 {[%emt 0:00:06]} c5 {[%emt 0:00:09]} 52. bxc5 {[%emt 0:05:03]} bxc5 {[%emt 0:00:02]} 53. Ke3 {[%emt 0:00:11]} Kg6 {[%emt 0:00:28]} 54. Bd6 {[%emt 0:00:12]} c4 {[%emt 0:00:05]} 55. Kd4 {[%emt 0:00:05]} Be6 {[%emt 0:00:44]} 56. Be7 {[%emt 0:01:11]} Kf5 {[%emt 0:00:14]} 57. Bg5 {[%emt 0:00:05]} Kg4 {[%emt 0:00:10]} 58. Kc3 {[%emt 0:00:06]} Kf3 {[%emt 0:00:07]} 1/2-1/2

[Event "SRB-chT Men 1st League 2019"]
[Site "Subotica"]
[Date "2019.08.24"]
[Round "3.1"]
[White "Mastrovasilis, Athanasios"]
[Black "Rublevsky, Sergei"]
[Result "1/2-1/2"]
[WhiteElo "2518"]
[BlackElo "2652"]
[Annotator "TA"]
[PlyCount "38"]
[EventDate "2019.08.23"]
[EventType "team-tourn"]
[EventCountry "SRB"]
[SourceTitle "playchess.com"]
[Source "ChessBase"]
[SourceQuality "1"]

{[%evp 14,38,5,8,20,18,11,12,31,24,14,21,38,20,57,52,50,51,56,49,58,50,54,0,0,0,0]} 1. d4 d5 2. c4 c6 3. cxd5 cxd5 4. Nf3 Nc6 5. Nc3 Nf6 6. Bf4 Bf5 7. Rc1 e6 8. e3 Bd6 {D14: Slav Defence: Exchange variation with ...Bf5} 9. Bxd6 Qxd6 10. Bb5 Bg4 11. Bxc6+ $146 ({Predecessor:} 11. h3 Bxf3 12. Qxf3 O-O 13. O-O Rac8 14. Qe2 g6 15. Na4 Nd7 16. Nc5 Nxc5 17. Rxc5 {½-½ (28) Istratescu,A (2627)-Svetushkin,D (2621) Porto Carras 2011}) 11... bxc6 12. O-O O-O 13. Na4 Ne4 14. Qc2 Bxf3 15. gxf3 Ng5 16. Kg2 {[#] aiming for h4.} Qe7 {White should prevent ...e5.} 17. h4 {Threatens to win with Rg1.} Qf6 18. hxg5 ({White should try} 18. Qd1 $14 h6 19. Rh1 (19. hxg5 Qxg5+ 20. Kh2 Qh5+ 21. Kg1 Qg5+ 22. Kh1 Qh4+ 23. Kg1 Qg5+ 24. Kh1 Qh4+ 25. Kg1 Qg5+ $11) (19. Rxc6 Rac8 $14)) 18... Qxg5+ $11 19. Kh2 {And now Rg1 would win.} Qh4+ 1/2-1/2

[Event "SRB-chT Men 1st League 2019"]
[Site "Subotica"]
[Date "2019.08.24"]
[Round "3.2"]
[White "Ivanisevic, Ivan"]
[Black "Pavlovic, Milos"]
[Result "1/2-1/2"]
[WhiteElo "2618"]
[BlackElo "2502"]
[Annotator "TA"]
[PlyCount "71"]
[EventDate "2019.08.23"]
[EventType "team-tourn"]
[EventCountry "SRB"]
[SourceTitle "playchess.com"]
[Source "ChessBase"]
[SourceQuality "1"]

{[%evp 17,71,15,35,21,30,-33,-32,-32,-32,-26,-31,-34,-32,-66,-66,-54,0,0,0,0,0,0,0,0,0,3,0,0,0,0,0,0,8,22,15,0,0,0,0,-5,0,0,0,0,0,0,30,0,21,0,0,0,0,0,0,0]} 1. c4 Nf6 2. Nc3 c5 3. g3 e6 4. Nf3 b6 5. Bg2 Bb7 6. O-O Be7 7. Re1 d5 8. cxd5 exd5 9. d4 O-O $1 10. dxc5 {E17: Queen's Indian: 4 g3 Bb7 5 Bg2 Be7} (10. b3 Nc6 11. Bb2 Re8 12. Rc1 cxd4 13. Nxd4 Nxd4 14. Qxd4 Bc5 15. Qf4 Re6 16. Nb5 Ne4 17. e3 Qd7 18. Bh3 {1-0 (65) Bok,B (2639)-Durarbayli,V (2629) Saint Louis 2018}) 10... Bxc5 11. b3 $146 ({Better is} 11. Nd4 $11) ({Predecessor:} 11. e3 Ne4 12. Qb3 Re8 13. Rd1 Nd7 14. Bd2 Ndf6 15. Be1 Qe7 16. Rac1 Rac8 17. Nd4 h5 {½-½ (43) Neubauer,R (2422)-Pantazi,A (2454) ICCF email 2016}) 11... Ne4 $15 12. Nxe4 {Black is slightly better.} dxe4 13. Qxd8 Rxd8 14. Ng5 Re8 (14... Bb4 $5 15. Rf1 $8 Re8 $11) 15. Rd1 h6 $1 {[%cal Rh6g5]} 16. Nh3 $1 Nc6 (16... g5 $1 $15) 17. Nf4 $11 Rad8 18. Bb2 Bd4 19. Bxd4 Nxd4 20. e3 Nf3+ 21. Bxf3 exf3 22. h4 Kf8 23. g4 Ke7 24. Kh2 Rxd1 25. Rxd1 {[%mdl 4096] Endgame KRB-KRN} Rc8 $1 26. Rd2 g5 27. hxg5 hxg5 28. Nh5 Rc1 29. Ng7 Bc8 30. Nf5+ Bxf5 31. gxf5 {KR-KR} g4 (31... Re1 $5 {[%cal Re1e2]}) 32. Rd4 (32. Kg3 $5 {[%cal Rg3g4]}) 32... Rf1 {The position is equal.} 33. Rxg4 {Black must now prevent Kg3.} Rxf2+ {[%mdl 64] [#] Double Attack} 34. Kg3 Rxa2 {And now ...Rg2+ would win.} 35. Kxf3 a5 36. Rc4 {Accuracy: White = 65%, Black = 65%.} 1/2-1/2

[Event "SRB-chT Men 1st League 2019"]
[Site "Subotica"]
[Date "2019.08.24"]
[Round "3.3"]
[White "Savic, Miodrag R"]
[Black "Miladinovic, Igor"]
[Result "1-0"]
[WhiteElo "2472"]
[BlackElo "2532"]
[Annotator "ChessBase"]
[PlyCount "105"]
[EventDate "2019.08.23"]
[EventType "team-tourn"]
[EventCountry "SRB"]
[SourceTitle "playchess.com"]
[Source "ChessBase"]
[SourceQuality "1"]
[TimeControl "40/5400+30:1800+30"]

1. e4 {[%emt 0:00:00]} c6 {[%emt 0:02:19]} 2. d4 {[%emt 0:01:26]} d5 {[%emt 0:00:11]} 3. exd5 {[%emt 0:02:13]} cxd5 {[%emt 0:00:43]} 4. Bd3 {[%emt 0:00:12]} Nc6 {[%emt 0:00:10]} 5. c3 {[%emt 0:00:08]} Nf6 {[%emt 0:00:49]} 6. Ne2 {[%emt 0:00:38]} g6 {[%emt 0:00:31]} 7. O-O {[%emt 0:02:29]} Bg7 {[%emt 0:00:10]} 8. Re1 {[%emt 0:04:06]} O-O {[%emt 0:00:10]} 9. Ng3 {[%emt 0:00:56]} Qd6 {[%emt 0:05:37]} 10. Na3 {[%emt 0:12:32]} Bg4 {[%emt 0:02:22]} 11. Qb3 {[%emt 0:06:38]} a6 {[%emt 0:00:19]} 12. h3 {[%emt 0:01:18]} Bd7 {[%emt 0:00:47]} 13. Qb6 {[%emt 0:04:15]} Rfe8 {[%emt 0:04:01]} 14. Nc2 {[%emt 0:01:35]} Bf8 {[%emt 0:14:27]} 15. Bg5 {[%emt 0:05:41]} Be6 {[%emt 0:04:36]} 16. a4 {[%emt 0:14:45]} Nd7 {[%emt 0:03:29]} 17. Qb3 {[%emt 0:00:03]} f6 {[%emt 0:00:14]} 18. Bf4 {[%emt 0:02:22]} Na5 {[%emt 0:06:47]} 19. Qa2 {[%emt 0:15:14]} Qb6 {[%emt 0:03:08]} 20. b4 {[%emt 0:06:52]} Nc4 {[%emt 0:00:24]} 21. a5 {[%emt 0:00:36]} Qc6 {[%emt 0:00:10]} 22. b5 {[%emt 0:00:34]} axb5 {[%emt 0:00:39]} 23. Nb4 {[%emt 0:00:52]} Qc8 {[%emt 0:00:10]} 24. Bxc4 {[%emt 0:01:16]} dxc4 {[%emt 0:03:18]} 25. Rxe6 {[%emt 0:00:02]} Nc5 {[%emt 0:00:35]} 26. Re2 {[%emt 0:06:05]} Nb3 {[%emt 0:00:24]} 27. Rae1 {[%emt 0:00:21]} g5 {[%emt 0:14:10]} 28. Be3 {[%emt 0:01:08]} Rxa5 {[%emt 0:03:03]} 29. Qc2 {[%emt 0:00:20]} Qd7 {[%emt 0:00:07]} 30. Qe4 {[%emt 0:03:53]} e6 {[%emt 0:02:39]} 31. Qf3 {[%emt 0:02:37]} Qf7 {[%emt 0:08:03]} 32. Ne4 {[%emt 0:01:18]} Kg7 {[%emt 0:01:01]} 33. h4 {[%emt 0:00:32]} h6 {[%emt 0:00:29]} 34. hxg5 {[%emt 0:00:09]} hxg5 {[%emt 0:00:18]} 35. Qg3 {[%emt 0:01:18]} Qg6 {[%emt 0:00:26]} 36. Nd6 {[%emt 0:02:07]} Re7 {[%emt 0:00:41]} 37. Nc8 {[%emt 0:00:53]} Rf7 {[%emt 0:00:41]} 38. Qb8 {[%emt 0:00:42]} Ra1 {[%emt 0:05:56]} 39. Nd6 {[%emt 0:00:24]} Rd7 {[%emt 0:01:00]} 40. Ne8+ {[%emt 0:00:00]} Kg8 {[%emt 0:00:00]} 41. Nc7 {[%emt 0:08:51]} Qf7 {[%emt 0:07:27]} 42. Rxa1 {[%emt 0:02:36]} Nxa1 {[%emt 0:01:50]} 43. d5 {[%emt 0:02:08]} exd5 {[%emt 0:19:38]} 44. Bc5 {[%emt 0:05:48]} Rxc7 {[%emt 0:00:08]} 45. Bxf8 {[%emt 0:00:15]} Rd7 {[%emt 0:07:24]} 46. Re7 {[%emt 0:01:41]} Rxe7 {[%emt 0:01:17]} 47. Bxe7+ {[%emt 0:00:02]} Kg7 {[%emt 0:01:03]} 48. Qd6 {[%emt 0:00:15]} d4 {[%emt 0:04:36]} 49. Nd5 {[%emt 0:00:26]} b4 {[%emt 0:01:41]} 50. Bxf6+ {[%emt 0:01:02]} Kh7 {[%emt 0:00:04]} 51. Ne7 {[%emt 0:02:52]} Qh5 {[%emt 0:02:20]} 52. Qxd4 {[%emt 0:00:12]} Qe2 {[%emt 0:00:02]} 53. Qd8 {[%emt 0:01:41]} 1-0

[Event "SRB-chT Men 1st League 2019"]
[Site "Subotica"]
[Date "2019.08.24"]
[Round "3.5"]
[White "Markovic, Miroslav"]
[Black "Lazic, Miroljub"]
[Result "0-1"]
[WhiteElo "2394"]
[BlackElo "2387"]
[Annotator "NA"]
[PlyCount "84"]
[EventDate "2019.08.23"]
[EventType "team-tourn"]
[EventCountry "SRB"]
[SourceTitle "playchess.com"]
[Source "ChessBase"]
[SourceQuality "1"]
[TimeControl "40/5400+30:1800+30"]

1. e4 {[%emt 1:30:30]} e5 {[%emt 1:30:30]} 2. Nc3 {[%emt 0:00:30]} Nf6 {[%emt 0:00:30]} 3. Bc4 {[%emt 0:00:30]} Nc6 {[%emt 0:00:30]} 4. d3 {[%emt 0:00:30]} Na5 {[%emt 0:00:30]} 5. Qf3 {[%emt 0:00:30]} Nxc4 {[%emt 0:00:30]} 6. dxc4 {[%emt 0:00:30]} d6 {[%emt 0:00:30]} 7. Nge2 {[%emt 0:00:30]} Be7 {[%emt 0:00:30]} 8. Bg5 {[%emt 0:00:30]} Be6 {[%emt 0:00:30]} 9. Bxf6 {[%emt 0:00:30]} Bxf6 {[%emt 0:00:30]} 10. Qd3 {[%emt 0:00:30]} O-O {[%emt 0:00:30]} 11. O-O {[%emt 0:00:30]} c6 {[%emt 0:00:30]} 12. Rad1 {[%emt 0:00:30]} Be7 {[%emt 0:00:30]} 13. b3 {[%emt 0:00:30]} g6 {[%emt 0:00:30]} 14. Kh1 {[%emt 0:00:30]} Qa5 {[%emt 0:00:30]} 15. a4 {[%emt 0:00:30]} Rad8 {[%emt 0:00:30]} 16. h3 {[%emt 0:00:30]} Qc5 {[%emt 0:00:30]} 17. f4 {[%emt 0:00:30]} exf4 {[%emt 0:00:30]} 18. Nxf4 {[%emt 0:00:30]} Bc8 {[%emt 0:00:30]} 19. Nce2 {[%emt 0:00:30]} Qe5 {[%emt 0:00:30]} 20. Nd4 {[%emt 0:00:30]} Rde8 {[%emt 0:00:30]} 21. Nfe2 {[%emt 0:00:30]} Bd8 {[%emt 0:00:30]} 22. Nc3 {[%emt 0:00:30]} Ba5 {[%emt 0:00:30]} 23. Rf2 {[%emt 0:00:30]} Re7 {[%emt 0:00:30]} 24. Rdf1 {[%emt 0:00:30]} Rfe8 {[%emt 0:00:30]} 25. Rf4 {[%emt 0:00:30]} Bc7 {[%emt 0:00:30]} 26. R4f2 {[%emt 0:00:30]} d5 {[%emt 0:00:30]} 27. Nf3 {[%emt 0:00:30]} dxe4 {[%emt 0:00:30]} 28. Nxe5 {[%emt 0:00:30]} exd3 {[%emt 0:00:30]} 29. Nxd3 {[%emt 0:00:30]} h5 {[%emt 0:00:30]} 30. Rf3 {[%emt 0:00:30]} h4 {[%emt 0:00:30]} 31. Kg1 {[%emt 0:00:30]} Bg3 {[%emt 0:00:30]} 32. a5 {[%emt 0:00:30]} Bf5 {[%emt 0:00:30]} 33. a6 {[%emt 0:00:30]} bxa6 {[%emt 0:00:30]} 34. Ra1 {[%emt 0:00:30]} a5 {[%emt 0:00:30]} 35. Rff1 {[%emt 0:00:30]} Re3 {[%emt 0:00:30]} 36. Rad1 {[%emt 0:00:30]} Kg7 {[%emt 0:00:30]} 37. Rd2 {[%emt 0:00:30]} R8e7 {[%emt 0:00:30]} 38. Rdd1 {[%emt 0:00:30]} Rd7 {[%emt 0:00:30]} 39. Rf3 {[%emt 0:00:30]} Rxf3 {[%emt 0:00:30]} 40. gxf3 {[%emt 0:00:30]} Bxh3 {[%emt 0:00:30]} 41. Ne4 {[%emt 0:30:30]} Bc7 {[%emt 0:30:30]} 42. Nec5 {[%emt 0:00:30]} Re7 {[%emt 0:00:30]} 0-1

[Event "SRB-chT Men 1st League 2019"]
[Site "Subotica"]
[Date "2019.08.24"]
[Round "3.6"]
[White "Laketic, Gojko"]
[Black "Drazic, Sinisa"]
[Result "1/2-1/2"]
[WhiteElo "2376"]
[BlackElo "2379"]
[Annotator "NA"]
[PlyCount "36"]
[EventDate "2019.08.23"]
[EventType "team-tourn"]
[EventCountry "SRB"]
[SourceTitle "playchess.com"]
[Source "ChessBase"]
[SourceQuality "1"]
[TimeControl "40/5400+30:1800+30"]

1. c4 {[%emt 0:04:37]} c5 {[%emt 0:02:01]} 2. Nf3 {[%emt 0:00:30]} g6 {[%emt 0:00:10]} 3. g3 {[%emt 0:00:18]} Bg7 {[%emt 0:00:18]} 4. Bg2 {[%emt 0:00:04]} Nf6 {[%emt 0:00:17]} 5. Nc3 {[%emt 0:06:11]} O-O {[%emt 0:03:31]} 6. O-O {[%emt 0:01:41]} d5 {[%emt 0:00:36]} 7. cxd5 {[%emt 0:02:10]} Nxd5 {[%emt 0:06:58]} 8. d4 {[%emt 0:00:19]} cxd4 {[%emt 0:01:00]} 9. Nxd4 {[%emt 0:00:33]} Nxc3 {[%emt 0:00:39]} 10. bxc3 {[%emt 0:00:05]} Nc6 {[%emt 0:00:24]} 11. Nxc6 {[%emt 0:09:46]} bxc6 {[%emt 0:00:15]} 12. Qxd8 {[%emt 0:00:20]} Rxd8 {[%emt 0:00:08]} 13. Bxc6 {[%emt 0:00:20]} Rb8 {[%emt 0:00:15]} 14. Bf4 {[%emt 0:02:09]} Rb2 {[%emt 0:00:17]} 15. Bf3 {[%emt 0:04:47]} Ba6 {[%emt 0:02:31]} 16. Rfd1 {[%emt 0:01:54]} Rf8 {[%emt 0:00:54]} 17. Rdb1 {[%emt 0:04:01]} Bxc3 {[%emt 0:02:38]} 18. Rxb2 {[%emt 0:00:31]} Bxb2 {[%emt 0:00:43]} 1/2-1/2

[Event "SRB-chT Men 1st League 2019"]
[Site "Subotica"]
[Date "2019.08.24"]
[Round "3.7"]
[White "Ponkratov, Pavel"]
[Black "Rakhmanov, Aleksandr"]
[Result "1/2-1/2"]
[WhiteElo "2638"]
[BlackElo "2606"]
[Annotator "TA"]
[PlyCount "118"]
[EventDate "2019.08.23"]
[EventType "team-tourn"]
[EventCountry "SRB"]
[SourceTitle "playchess.com"]
[Source "ChessBase"]
[SourceQuality "1"]

{[%evp 13,118,25,43,50,56,19,21,11,17,13,12,12,11,1,10,0,6,15,15,12,13,0,-14,-8,-11,-7,-6,-16,6,-6,-4,-6,-16,0,0,-17,-8,-15,0,-33,-18,-22,-8,-6,-7,-5,-5,-5,-5,-18,-25,-719,48,0,5,0,32,31,37,12,35,25,28,7,8,0,0,0,0,0,12,0,0,0,0,0,0,0,0,0,0,0,0,0,0,0,14,14,14,14,14,0,0,0,0,0,0,0,0,0,0,0,0,0,0,0,0]} 1. e4 e5 2. Nf3 Nf6 3. Nxe5 d6 4. Nf3 Nxe4 5. Nc3 Nf6 6. d4 Be7 7. Bd3 O-O 8. O-O {C42: Petroff Defence: 3 Nxe5 and unusual White 3rd moves} Nbd7 (8... Nc6 9. d5 Nb4 10. Be2 c6 11. dxc6 bxc6 12. a3 Nbd5 13. Nxd5 Nxd5 14. Nd4 Bd7 15. Bf3 Rc8 16. Bxd5 cxd5 {1-0 (47) Caruana,F (2828)-Lenderman,A (2637) Saint Louis 2019}) 9. Nh4 $146 ({Predecessor:} 9. Ne2 Re8 10. Ng3 Bf8 11. Bg5 h6 12. Bd2 b6 13. Nh4 g6 14. Qf3 Rb8 15. Nxg6 fxg6 16. Bxg6 {1-0 (26) Eliseev,U (2541)-Stukopin,A (2500) Loo 2013}) 9... Nb6 10. Nf5 Bxf5 11. Bxf5 d5 12. Ne2 Re8 13. Ng3 c6 14. Bd3 g6 15. c3 Nc4 16. Qf3 Nd7 17. b3 Nd6 18. a4 f5 19. Qd1 Bg5 20. Ne2 Bxc1 21. Qxc1 Nf8 22. c4 Ne6 23. Rd1 Qh4 24. cxd5 cxd5 25. Qe3 Ne4 26. g3 Qf6 27. Nf4 Nc3 ({Inferior is} 27... Nxd4 28. Nxd5 Qg7 29. Bc4 $16) ({Much weaker is} 27... Qxd4 $6 28. Qxd4 Nxd4 29. Nxd5 $16) 28. Bb5 $1 Nxb5 29. axb5 Nxf4 30. Qxf4 Qb6 31. Rdc1 Re4 32. Qc7 $2 {[%mdl 8192] [#]} (32. Qf3 $11) 32... Rae8 $2 (32... Re1+ $1 $19 {[%mdl 512]} 33. Rxe1 Qxc7) 33. Qc5 Rxd4 34. Rxa7 Qxc5 (34... Rd1+ $5 35. Kg2 Qxc5 36. Rxc5 Re7 $14) 35. Rxc5 $11 {[%mdl 4096] Endgame KRR-KRR} Rb8 36. Kg2 Rd3 37. b4 Rd4 38. Ra4 Rf8 {The position is equal.} 39. Rc7 Rf7 $1 {[%cal Rf7c7]} 40. b6 {[#] Hoping for Ra7.} Rc4 41. Ra8+ Kg7 $1 42. Rxc4 dxc4 {KR-KR} 43. Rc8 Rf6 44. Rc7+ Kh6 45. Rxc4 Rxb6 46. Kf3 Re6 47. h4 g5 48. hxg5+ Kxg5 49. Rc5 Re4 50. Rb5 h5 51. Rxb7 h4 52. gxh4+ Rxh4 53. b5 Rh3+ 54. Ke2 {aiming for Rg7+.} Rb3 55. b6 Kf4 56. Rb8 Rb2+ 57. Kd3 Kf3 58. Kc3 Rb1 59. Kd4 f4 {Accuracy: White = 36%, Black = 64%.} 1/2-1/2